000 00921nam a2200253 a 4500
001 BRL_532
005 20190320210803.0
008 020913s1941----mx-a######---#000-0#spa-#
041 _aspa
044 _amx
050 4 _aF1435
_b.L59 1941
100 1 _aLizardi Ramos, César
_924217
245 1 0 _aLos mayas antiguos
_bmonografías de arqueología, etnografía y lingüística mayas
_cpublicadas con motivo del centenario de la exploración de Yucatán por John L. Stephens y Frederick Catherwood en los años 1841-42
260 _aMéxico
_bEl Colegio de México
_c1941
300 _a361 p.
_bil.
_c23 cm.
500 _aAu592
504 _aBibliografía de John Lloyd Stephens, por Arthur E. Gropp: p. 17-32
600 1 4 _aStephens, John L.
_d1805-1852
_924218
650 1 4 _aMayas
_xHistoria
_923497
650 1 4 _aMayas
_xAntigüedades
_99555
700 1 _aCatherwood, Frederick
_9771
902 _aGRL
942 _2lcc
_cB
999 _c9344
_d9344